Construction Cost Estimating Process and Practices / (Record no. 36633)

MARC details
000 -LEADER
fixed length control field 00469nam a22001697a 4500
005 - DATE AND TIME OF LATEST TRANSACTION
control field 20241004100652.0
008 - FIXED-LENGTH DATA ELEMENTS--GENERAL INFORMATION
fixed length control field 241004b |||||||| |||| 00| 0 eng d
020 ## - INTERNATIONAL STANDARD BOOK NUMBER
ISBN 9789332553623
082 ## - DEWEY DECIMAL CLASSIFICATION NUMBER
Classification number 692.5
Item number HOL-C
100 ## - MAIN ENTRY--AUTHOR
Author Name Holm Arnold L.
245 ## - TITLE STATEMENT
Title Construction Cost Estimating Process and Practices /
Statement of responsibility, etc. Holm Arnold L., John Schaufelberger
260 ## - PUBLICATION, DISTRIBUTION, ETC.
Place of Publication USA:
Name of publisher, distributor, etc. Pearson
Date of publication, distribution, etc. 2017
300 ## - PHYSICAL DESCRIPTION
Pages 354p.
650 ## - SUBJECT ADDED ENTRY--TOPICAL TERM
Subject / Department Engineering
300 ## - PHYSICAL DESCRIPTION
-- ill;
-- 23cm
952 ## - LOCATION AND ITEM INFORMATION (KOHA)
-- 0
-- 0
Holdings
Lost status Damaged status Collection code Permanent Location Current Location Shelving Location Date acquired Full Call Number Accession No./Barcode Date last seen item type Koha item type
    Engineering Superior Information Resource Center (SIRC) Superior University- Main Campus Superior Information Resource Center (SIRC) Superior University- Main Campus Civil 10/04/2024 692.5 HOL-S 2017 29492 10/04/2024 BOOK BOOK

Powered by Koha